Guías de auditoría / (Registro nro. 61700)
[ vista simple ]
| 000 -LEADER | |
|---|---|
| fixed length control field | 00747nam a2200229 a 4500 |
| 001 - CONTROL NUMBER | |
| control field | 61700 |
| 005 - DATE AND TIME OF LATEST TRANSACTION | |
| control field | 20180714063437.0 |
| 008 - FIXED-LENGTH DATA ELEMENTS--GENERAL INFORMATION | |
| fixed length control field | 141111s2013 mx r 000 spa d |
| 020 ## - INTERNATIONAL STANDARD BOOK NUMBER | |
| International Standard Book Number | 978-607-8331-74-1 |
| 041 ## - LANGUAGE CODE | |
| Language code of text/sound track or separate title | spa |
| 082 0# - DEWEY DECIMAL CLASSIFICATION NUMBER | |
| Classification number | 657.452 |
| Item number | COM |
| 110 1# - MAIN ENTRY--CORPORATE NAME | |
| Corporate name or jurisdiction name as entry element | Comisión de Normas de Auditoría y Aseguramiento, |
| Relator term | autor |
| 245 10 - TITLE STATEMENT | |
| Title | Guías de auditoría / |
| Statement of responsibility, etc. | Comisión de Normas de Auditoría y Aseguramiento. |
| 250 ## - EDITION STATEMENT | |
| Edition statement | 2a edición. |
| 264 #1 - PRODUCTION, PUBLICATION, DISTRIBUTION, MANUFACTURE, AND COPYRIGHT NOTICE | |
| Place of production, publication, distribution, manufacture | México : |
| Name of producer, publisher, distributor, manufacturer | Instituto Mexicano de Contadores Públicos, |
| Date of production, publication, distribution, manufacture, or copyright notice | 2013 |
| 300 ## - PHYSICAL DESCRIPTION | |
| Extent | 251 páginas ; |
| Dimensions | 18 cm. |
| 336 ## - CONTENT TYPE | |
| Content type term | texto |
| Source | rdacontent |
| 337 ## - MEDIA TYPE | |
| Media type term | sin mediación |
| Source | rdamedia |
| 338 ## - CARRIER TYPE | |
| Carrier type term | volumen |
| Source | rdacarrier |
| 490 0# - SERIES STATEMENT | |
| Series statement | Colección Auditoría |
| 650 #0 - SUBJECT ADDED ENTRY--TOPICAL TERM | |
| Topical term or geographic name entry element | Auditoría |
| Withdrawn status | Lost status | Source of classification or shelving scheme | Damaged status | Not for loan | Collection code | Home library | Current library | Shelving location | Date acquired | Source of acquisition | Inventory number | Total Checkouts | Full call number | Barcode | Date last seen | Date last checked out | Price effective from | Koha item type |
|---|---|---|---|---|---|---|---|---|---|---|---|---|---|---|---|---|---|---|
| Dewey Decimal Classification | General | Biblioteca Karol Wojtyla | Biblioteca Karol Wojtyla | Sala general | 11/11/2014 | Compra | 151000000000000000021213 | 657.452 COM 2013 | 93225 | 05/01/2026 | 18/03/2017 | 16/12/2014 | Libro |